Włoskie wynalazki - Statystyki

Ogólne statystyki
  • Ten quiz został rozwiązany 36 razy
  • Średni wynik to 10 z 18
Statystyki odpowiedzi
Wskazówka Odopowiedź % Poprawnych
Przedmiot pomagający widzieć Okulary
97%
Miejsce do gry w hazard Kasyno
94%
Instrument klawiszowy Fortepian
90%
Przedmiot służący do bezprzewodowej komunikacji, przeważnie do słuchania, znajduje się głównie w autach Radio
90%
Niezbędne narzędzie dla narcyzów Lustro
74%
Gdzie śpiewają "grube damy" Opera
74%
Łatwa w trzymaniu broń palna Pistolet
74%
Instrument, który rozsławił Paganiniego Skrzypce
71%
Na wiele wieków przed wynalezieniem samolotów Leonardo wynalazł sposób na wyskakiwanie z samolotu za pomocą tego Spadochron
65%
Urządzenie do pomiaru ciśnienia atmosferycznego Barometr
61%
Pieniądze od rządu za nicnierobienie Zasiłek
52%
Rodzinny biznes Medyceuszy Bankowość
42%
Substancja czynna dynamitu Nitrogliceryna
35%
Metoda napędzania statku Koło {łopatkowe}
32%
Przepuszczanie gorącej wody przez drobno zmielone ziarna - sposób parzenia tej kawy Espresso
29%
Adagio, Forte, itd... Notacja {muzyczna}
29%
Mejsce do zaciągania długów podczas nauki (Podpowiedź: Bolonia 1088) Uniwersytet
29%
Składnik Martini Wermut
3%
Nie znaleziono quizów pasujących do podanych kryteriów
Rozkład punktacji
Procent ludzi z każdym wynikiem
Percentyl według liczby udzielonych odpowiedzi
Twoja historia wyników
Nie rozwiązałeś tego quizu